FIFA 23 - TOTY & TOTY Nominees - Statistics

General Stats
  • This quiz has been taken 528 times
    443 since last reset
  • The average score is 17 of 24
Answer Stats
Club Type Player % Correct
TOTY PSG Kylian Mbappé
96%
TOTY PSG Lionel Messi
94%
TOTY Real Madrid Karim Benzema
93%
TOTY Manchester City Erling Haaland
92%
TOTY Manchester City Kevin De Bruyne
91%
TOTY Honourable Mention Tottenham Hotspur Harry Kane
90%
TOTY Liverpool Virgil van Dijk
89%
TOTY Borussia Dortmund Jude Bellingham
88%
TOTY Real Madrid Thibaut Courtois
88%
TOTY Real Madrid Luka Modrić
87%
TOTY AC Milan Theo Hernández
82%
TOTY PSG Achraf Hakimi
80%
TOTY Honourable Mention Real Madrid Vinícius Junior
79%
TOTY Real Madrid Éder Militão
76%
TOTY Honourable Mention FC Barcelona Pedri
60%
TOTY Honourable Mention Arsenal Bukayo Saka
59%
TOTY Honourable Mention Manchester City João Cancelo
50%
TOTY Honourable Mention AC Milan Mike Maignan
49%
TOTY Honourable Mention Real Madrid Federico Valverde
48%
TOTY Honourable Mention Betis Sevilla Nabil Fekir
39%
TOTY Honourable Mention Bayern Munich Alphonso Davies
38%
TOTY Honourable Mention Chelsea Kalidou Koulibaly
35%
TOTY Honourable Mention Juventus Bremer
33%
TOTY Honourable Mention SL Benfica Nicolas Otamendi
23%
No matching quizzes found
Score Distribution
Percent of People with Each Score
Percentile by Number Answered
Your Score History
You have not taken this quiz since the last reset